| Tag |
First Indicator |
Second Indicator |
Subfields |
| LEADER |
00000cam a2200000 a 4500 |
| 001 |
in00000086545 |
| 005 |
20151008064547.0 |
| 008 |
800215s1979 maua b 00010 eng d |
| 035 |
|
|
|a (OCoLC)05985430
|
| 035 |
|
|
|9 AAK4405AM
|
| 040 |
|
|
|a FLL
|c FLL
|d OCL
|d TXA
|d UtOrBLW
|
| 049 |
|
|
|a TXAM
|c [1655325]
|
| 090 |
|
|
|a HD7293
|b .H234
|
| 100 |
1 |
|
|a Halvorsen, Robert.
|
| 245 |
1 |
0 |
|a Energy prices and housing values /
|c Robert Halvorsen and Henry O. Pollakowski.
|
| 264 |
|
1 |
|a Cambridge, Mass. :
|b Harvard University, Department of City and Regional Planning,
|c 1979.
|
| 300 |
|
|
|a 18 pages :
|b illustrations ;
|c 28 cm.
|
| 336 |
|
|
|a text
|b txt
|2 rdacontent
|
| 337 |
|
|
|a unmediated
|b n
|2 rdamedia
|
| 338 |
|
|
|a volume
|b nc
|2 rdacarrier
|
| 490 |
1 |
|
|a Urban planning policy analysis and administration discussion paper ;
|v D79-19
|
| 504 |
|
|
|a Bibliography: page 18.
|
| 650 |
|
0 |
|a Housing
|x Prices
|z United States
|x Mathematical models.
|
| 650 |
|
0 |
|a Fuel
|x Prices
|z United States
|x Mathematical models.
|
| 700 |
1 |
|
|a Pollakowski, Henry O.
|
| 710 |
2 |
|
|a Harvard University.
|b Department of City and Regional Planning.
|
| 830 |
|
0 |
|a Urban planning policy analysis and administration discussion paper ;
|v D79-19.
|
| 999 |
|
|
|a MARS
|
| 999 |
f |
f |
|s d1865a91-4228-3cc4-a3be-8db48d511246
|i 0dbdf747-6b48-31f0-be25-9bf95ca34a06
|t 0
|
| 952 |
f |
f |
|p ric
|a Texas A&M University
|b Rellis Campus
|c Joint Library Facility
|d Remote Storage
|t 0
|e HD7293 .H234
|h Library of Congress classification
|i unmediated -- volume
|m A14806129574
|
| 998 |
f |
f |
|a HD7293 .H234
|t 0
|l Remote Storage
|